WWE Current Finishers - Statistics

General Stats
  • This quiz has been taken 47 times
  • The average score is 48 of 174
Answer Stats
Hint Answer % Correct
Rey Mysterio 619 / Splash
83%
CM Punk GTS
83%
Brock Lesnar F-5
80%
Bron Breakker | Roman Reigns Spear
80%
AJ Lee Black Widow
77%
Randy Orton R.K.O.
73%
Seth Rollins Stomp
73%
Jey Uso | Jimmy Uso Uso Splash
73%
LA Knight BFT
70%
Cody Rhodes Cross Rhodes
70%
Becky Lynch Manhandle Slam
70%
Tiffany Stratton Prettiest Moonsault Ever
70%
The Miz Skull Crushing Finale
70%
Aleister Black Black Mass
67%
Sheamus Brogue Kick
67%
Drew McIntyre Claymore
67%
Finn Bálor Coup de Grace
67%
Dominik Mysterio | Malik Blade Frog Splash
67%
Sami Zayn Helluva Kick
67%
Kevin Owens Stunner
67%
Je'Von Evans O.G. Cutter
63%
IYO SKY Over The Moonsault
63%
Rhea Ripley Riptide
63%
Kofi Kingston Trouble In Paradise
63%
Liv Morgan Oblivion
60%
The Rock People's Elbow
60%
Uncle Howdy / Bo Dallas Sister Abigail
60%
Sol Ruca Sol Snatcher
60%
Bronson Reed Tsunami
60%
Alexa Bliss Twisted Bliss
60%
Shinsuke Nakamura Kinshasa
57%
Osiris Griffin Powerbomb
57%
Damian Priest South of Heaven
57%
Asuka Asuka Lock
53%
Arianna Grace | Oba Femi Fall From Grace
53%
Bianca Belair KOD
53%
Jacob Fatu Mighty Moonsault
53%
Nattie Sharpshooter
53%
Trick Williams Trickshot
53%
Rusev Accolade
50%
Austin Theory A-Town Down
50%
Roxanne Pérez Pop Rocks
50%
Gunther Sleeper Hold
50%
Solo Sikoa Spike
50%
Julius Creed | Maxxine Dupri Ankle Lock
47%
Jade Cargill Jaded
47%
Eli Knight | JD McDonagh Moonsault
47%
Kelani Jordan One of a Kind Moonsault
47%
Kairi Sane Insane Elbow
43%
Penta Mexican Destroyer
43%
Logan Paul Paul-verizer
43%
Nikki Bella Rack Attack
43%
Joe Hendry Standing Ovation
43%
Lyra Valkyria Nightwing
40%
Carmelo Hayes Nothing But Net
40%
Zelina Vega Code Red
37%
Ilja Dragunov H Bomb
37%
Chelsea Green Unpretty-her
37%
Brutus Creed Brutus Ball
33%
Chad Gable / OG El Grande Americano Chaos Theory
33%
Axiom Golden Ratio
33%
Stephanie Vaquer S.V.B.
33%
Raquel Rodriguez Tejana Bomb
33%
Lash Legend Lash Extension
30%
Tama Tonga Cut Throat
27%
Giulia Northern Lights Bomb
27%
Dragon Lee Operation Dragon
27%
Cruz del Toro | Nathan Frazer Phoenix Splash
27%
Zoey Starks Z-360
27%
Kit Wilson Elbow Drop
23%
Alex Shelley | Chris Sabin Skull & Bones
23%
Elton Prince Spilt Milk
23%
Cutler James Spinebuster
23%
JC Mateo Tour of the Islands
23%
Ethan Page Twisted Grin
23%
Bravo Americano / Tyler Bate Tyler Driver 97
23%
Elio LeFleur | Joaquin Wilde 450 Splash
20%
Nia Jax Annihilator
20%
Johnny Gargano Garga-no Escape
20%
Dexter Lumis Silence
20%
Lola Vice Spinning Back Fist
20%
Izzi Dame Big Boot
17%
Myles Borne Borne Again
17%
Montez Ford From The Heavens
17%
Jordynne Grace Juggernaut Driver
17%
Xavier Woods Limit Break
17%
Ricky Saints Roshambo
17%
Lexis King The Coronation
17%
Angel Garza Wing Clipper
17%
Rayo Americano / Pete Dunne Bitter End
13%
R-Truth Lie Detector
13%
Rey Fénix Phoenix Driver
13%
Tamina Superfly Splash
13%
Brie Bella Bella Buster
10%
Otis Caterpillar
10%
Ivar Doomsault
10%
Michin Eat-Da-Feet
10%
Charlotte Flair Figure 8 Lock
10%
B-Fab Hangman's Neckbreaker
10%
Akira Tozawa Jumping Senton
10%
Thea Hail Kimura Lock
10%
Alba Fyre KLR Bomb
10%
Candice LeRae Ms. Garga-no Escape
10%
Matt Cardona / Zack Ryder Radio Silence
10%
Brooks Jensen Southern Lariat
10%
Erick Rowan The Iron Claw
10%
Angelo Dawkins The Revelation
10%
Kiana James 401K
7%
Zaria F6
7%
Talla Tonga Godsend
7%
Tatum Paxley Psycho Trap
7%
Erik Ragnarok
7%
Kendal Grey Shades of Grey
7%
Jasper Troy Black Hole Slam
3%
Shawn Spears C4
3%
Brad Baylor | Uriah Connors Diving Elbow Drop
3%
Naomi Double Knee Facebreaker
3%
Hank Walker Flying Fridge
3%
Andre Chase FRATliner
3%
Blake Monroe Glamorous DDT
3%
Fallon Henley Hoedown
3%
Omos JKCB
3%
Josh Briggs Lariat
3%
El Grande Americano Loaded Mask
3%
Adriana Rizzo Rizzoto
3%
Bayley Rose Planet
3%
Apollo Creed The Chariot
3%
Ivy Nile The Pitbull
3%
Tonga Loa Tonga Death Grip
3%
Charlie Dempsey Arm Trap STF
0%
Carlee Bright Bright Light
0%
Bronco Nima Bronco Stomp
0%
Luca Crusifino Case Closed
0%
Channing "Stacks" Lorenzo Cement Shoes
0%
Dante Chen Dante's Inferno
0%
Tony D'Angelo Dead to Rights
0%
Wendy Choo Dirt Nap
0%
Jacy Jayne Discus Forearm Smash
0%
Niko Vance Dominator
0%
Jackson Drake Drake's Landing
0%
Noam Dar Galactico
0%
Danhausen Goodnighthausen
0%
Saquon Shugars Grand Line
0%
Tavion Heights Heights Bomb
0%
Dion Lennox Jackhammer
0%
Kale Dixon Lifting Flatliner
0%
Ricky Smokes One Hitter
0%
Karmen Petrovic Petrifier
0%
Grayson Waller Philly Special
0%
Wren Sinclair Reality Check
0%
Berto Garza Rounding Moonsault
0%
Ludwig Kaiser Running Enzuigiri
0%
Lainey Reid Running Knee Strike
0%
Sean Legacy Shambles
0%
Tank Ledger Sitout Full Nelson Bomb
0%
Jaida Parker Sitout Pumphandle Slam
0%
Piper Niven Snake Bite
0%
Nikki Cross The Purge
0%
Nikkita Lyons Tornado Kick
0%
Royce Keys Town Business
0%
Keanu Carver Twisting Powerslam
0%
Joe Gacy Upside Down
0%
Lucien Price Waist List Side Slam
0%
Shiloh Hill Whisper to the Beast
0%
No matching quizzes found
Score Distribution
Percent of People with Each Score
Percentile by Number Answered
Your Score History
You have not taken this quiz